000 00274nam a2200121Ia 4500
008 151001s9999||||xx |||||||||||||| ||und||
100 _aभाऊ पाध्ये
245 _aराडा
250 _a3
260 _bशब्द
300 _a135
365 _b21
999 _c1000943
_d1000940